01205nam a22001217a 4500008004100000020001500041050001600056100002600072245006800098260003900166300003000205505084800235140714b xxu||||| |||| 00| 0 eng d a9988773056 aUA869.G4 Q2 aQuantson Kofi Bentum  aGhana:national security - the dilemma. /cKofi Bentum Quantson. aAccra,:b Napasvil Ventures,c2013 axxiii,280p,:bill,c20cm. aContents:The roots of the problem -- Setting scores:the politics of tit for tat -- Preventive detention and protective custody-same old story? -- Presidential ambitions and national security -- Foreign forces behind nkrumah's overthrow -- The intellectual factor -- The tribal problem and national security -- Subverting military hierarchy -- Security problem of the june 4 revolt -- Lawlessness and civil liberties -- Political expediency and good governance -- Foreign policy and national security -- Regime security versus national security -- Crime and security -- Operating the national security law -- Dilemma over judge 'murders -- The PNDC power blocs -- The drugs cabal at work -- Au revoir to narcotics:goodbye blue house -- Captive leaders -- The presidency -- The way forward -- Reconciliation and national unity National security